Skúsenosť (Record no. 21396)
[ view plain ]
| 000 -LEADER | |
|---|---|
| fixed length control field | 00909nam a2200301 a 4500 |
| 001 - CONTROL NUMBER | |
| control field | 21396 |
| 003 - CONTROL NUMBER IDENTIFIER | |
| control field | VRT |
| 005 - DATE AND TIME OF LATEST TRANSACTION | |
| control field | 20260228135854.0 |
| 008 - FIXED-LENGTH DATA ELEMENTS--GENERAL INFORMATION | |
| fixed length control field | 070814s1952 xo g 000 1 slo d |
| 035 ## - SYSTEM CONTROL NUMBER | |
| System control number | a000371028 |
| 039 #9 - LEVEL OF BIBLIOGRAPHIC CONTROL AND CODING DETAIL [OBSOLETE] | |
| Level of rules in bibliographic description | 201708310952 |
| Level of effort used to assign nonsubject heading access points | fuskovaz |
| Level of effort used to assign subject headings | 201111101140 |
| Level of effort used to assign classification | juso |
| Level of effort used to assign subject headings | 200708141334 |
| Level of effort used to assign classification | juso |
| 040 ## - CATALOGING SOURCE | |
| Original cataloging agency | UKB |
| Language of cataloging | slo |
| Transcribing agency | UKB |
| Description conventions | AACR2 |
| 041 0# - LANGUAGE CODE | |
| Language code of text/sound track or separate title | slo |
| 044 ## - COUNTRY OF PUBLISHING/PRODUCING ENTITY CODE | |
| MARC country code | xo |
| ISO country code | SK |
| 100 0# - MAIN ENTRY--PERSONAL NAME | |
| Personal name | Timrava, |
| Dates associated with a name | 1867-1951 |
| 245 10 - TITLE STATEMENT | |
| Title | Skúsenosť |
| Statement of responsibility, etc. | Timrava |
| 250 ## - EDITION STATEMENT | |
| Edition statement | 1. vyd. |
| 260 ## - PUBLICATION, DISTRIBUTION, ETC. | |
| Place of publication, distribution, etc. | Martin |
| Name of publisher, distributor, etc. | Matica slovenská |
| Date of publication, distribution, etc. | 1952 |
| 300 ## - PHYSICAL DESCRIPTION | |
| Extent | 340 s. |
| 530 ## - ADDITIONAL PHYSICAL FORM AVAILABLE NOTE | |
| Additional physical form available note | Dostupný aj zvukový záznam |
| 776 0# - ADDITIONAL PHYSICAL FORM ENTRY | |
| Title | Skúsenosť |
| Relationship information | [zvukový záznam] |
| 910 ## - USER-OPTION DATA (OCLC) | |
| User-option data | ukb |
| 942 ## - ADDED ENTRY ELEMENTS (KOHA) | |
| Source of classification or shelving scheme | Dewey Decimal Classification |
| Koha item type | Krásna literatúra pre dospelých |
| Suppress in OPAC | No |
| 949 ## - LOCAL PROCESSING INFORMATION (OCLC) | |
| 6 | 1800338730 |
| a | 22.D.32056 |
| b | KD.5157-67 |
| 949 ## - LOCAL PROCESSING INFORMATION (OCLC) | |
| 6 | 1800352523 |
| a | 22.D.32056 |
| b | KD.5158-67 |
| 949 ## - LOCAL PROCESSING INFORMATION (OCLC) | |
| 6 | 371028-20 |
| a | 20.D.02358 |
| b | PV.64-53 |
| o | revízna strata č.8265-79 |
| s | 4700:20150414 |
| 949 ## - LOCAL PROCESSING INFORMATION (OCLC) | |
| 6 | 1800669581 |
| a | S.D.03058 |
| b | PV.63-53 |
| Stav vyradenia | Strata | Poškodenie | Spôsob nadobudnutia | Domovská knižnica | Aktuálna knižnica | Dátum nadobudnutia | Total checkouts | Čiarový kód exemplára | Date last seen | Typ exemplára |
|---|---|---|---|---|---|---|---|---|---|---|
| Dar | Obecná knižnica Horná Štubňa | Obecná knižnica Horná Štubňa | 28.02.2026 | 4736201562 | 28.02.2026 | Krásna literatúra pre dospelých |
